[Event "Hamburg-chA"]
[Site "Hamburg"]
[Date "2014.06.09"]
[Round "3"]
[White "Klausberger, Wolfgang"]
[Black "Hauser, Christow"]
[Result "0-1"]
[WhiteElo "1440"]
[BlackElo "1494"]
[PlyCount "118"]
[EventDate "2014.06.07"]
[EventType "swiss"]
[EventRounds "7"]
[EventCountry "GER"]
[SourceTitle "CBM 161 Extra"]
[Source "ChessBase"]
[SourceDate "2014.08.29"]
[SourceVersion "1"]
[SourceVersionDate "2014.08.29"]
[SourceQuality "1"]

1. c4 c5 2. g3 e6 3. Bg2 Nc6 4. Nc3 a6 5. a4 Nb4 6. d3 d5 7. b3 Ne7 8. Nf3 Nec6 9. 0-0 Be7 10. e3 0-0 11. Bb2 d4 12. exd4 Nxd4 13. Ne1 Rb8 14. Ne2 e5 15. Nxd4 exd4 16. Bc1 Bf5 17. Bf4 Bd6 18. Bxd6 Qxd6 19. g4 Bd7 20. f4 Rfe8 21. Be4 Bc6 22. Qf3 Bxe4 23. dxe4 d3 24. Qe3 Qd4 25. Qxd4 cxd4 26. Rd1 Rxe4 27. Nxd3 Nxd3 28. Rxd3 f6 29. Kg2 b5 30. Kf3 Rbe8 31. Rfd1 Re3+ 32. Rxe3 Rxe3+ 33. Kf2 Rxb3 34. Rxd4 bxa4 35. c5 a3 36. c6 Kf7 37. c7 Rc3 38. Ra4 Rxc7 39. Rxa3 Ra7 40. Ke3 g6 41. Kd4 Ke7 42. Re3+ Kd7 43. Ra3 a5 44. Kc5 a4 45. Rd3+ Kc7 46. Ra3 h6 47. h4 g5 48. fxg5 fxg5 49. hxg5 hxg5 50. Kd5 Kb6 51. Kc4 Ka5 52. Rf3 Rc7+ 53. Kd3 Kb4 54. Rf5 Rc3+ 55. Kd2 Rc5 56. Rf8 a3 57. Rb8+ Rb5 58. Rc8 Rd5+ 59. Kc2 Rc5+ 0-1

[Event "Hamburg-ch A-Klasse"]
[Site "Hamburg"]
[Date "2013.05.26"]
[Round "9"]
[White "Hauser, Christow"]
[Black "Laber, Witalij"]
[Result "1-0"]
[WhiteElo "1692"]
[BlackElo "1629"]
[PlyCount "124"]
[EventDate "2013.05.18"]
[EventType "swiss"]
[EventRounds "9"]
[EventCountry "GER"]
[SourceTitle "EXT 2022"]
[Source "ChessBase"]
[SourceDate "2021.10.06"]
[SourceVersion "1"]
[SourceVersionDate "2021.10.06"]
[SourceQuality "1"]

1. Nf3 b6 2. d3 Bb7 3. e4 e6 4. Nbd2 Ne7 5. Be2 Ng6 6. Nf1 Be7 7. Bd2 Nc6 8. c3 Nce5 9. Nxe5 Nxe5 10. Bf4 Ng6 11. Bg3 Bh4 12. Qc2 0-0 13. Ne3 d5 14. exd5 exd5 15. d4 a5 16. 0-0-0 c6 17. f4 Bc8 18. f5 Qg5 19. Kd2 Nf4 20. Bxf4 Qxf4 21. g3 Qh6 22. gxh4 Qxh4 23. Rdf1 Ra7 24. Rhg1 Re8 25. f6 g6 26. Nf5 Qxh2 27. Ne7+ Raxe7 28. fxe7 Rxe7 29. Qd3 f5 30. Qf3 Ba6 31. Rg2 Qh6+ 32. Qf4 Qxf4+ 33. Rxf4 Bc8 34. Bd3 Kf7 35. Re2 Be6 36. Re5 Kf6 37. Rf1 c5 38. dxc5 Kxe5 39. cxb6 Rb7 40. a3 Rxb6 41. b4 axb4 42. cxb4 h5 43. Rg1 Kf6 44. b5 Rb8 45. a4 d4 46. Rb1 Bd5 47. a5 g5 48. a6 g4 49. b6 Bc6 50. a7 Ra8 51. b7 Bxb7 52. Rxb7 f4 53. Be4 Rxa7 54. Rxa7 Kg5 55. Ra5+ Kh4 56. Bg6 Kh3 57. Bxh5 f3 58. Rg5 d3 59. Bxg4+ Kh4 60. Rg8 f2 61. Be2 Kh3 62. Bxd3 Kh2 1-0

[Event "Hamburg-ch A-Klasse"]
[Site "Hamburg"]
[Date "2013.05.23"]
[Round "6"]
[White "Hauser, Christow"]
[Black "Reiner, Oliver"]
[Result "0-1"]
[WhiteElo "1692"]
[BlackElo "1167"]
[PlyCount "74"]
[EventDate "2013.05.18"]
[EventType "swiss"]
[EventRounds "9"]
[EventCountry "GER"]
[SourceTitle "EXT 2022"]
[Source "ChessBase"]
[SourceDate "2021.10.06"]
[SourceVersion "1"]
[SourceVersionDate "2021.10.06"]
[SourceQuality "1"]

1. b3 Nf6 2. Bb2 e6 3. e3 c5 4. Nf3 Nc6 5. a3 d5 6. Be2 Bd6 7. d4 cxd4 8. exd4 0-0 9. 0-0 Re8 10. Ne5 Qc7 11. f4 Nd7 12. Nc3 Nxd4 13. Qxd4 Bc5 14. Nb5 Qd8 15. Kh1 Bxd4 16. Bxd4 Nxe5 17. fxe5 b6 18. Nd6 Rf8 19. Bd3 f5 20. Rf3 a5 21. Raf1 Ba6 22. c4 g6 23. Be3 Kg7 24. Rg3 h6 25. Rh3 Rh8 26. Bxh6+ Rxh6 27. Rxh6 Qg5 28. Rh3 f4 29. Re1 Rf8 30. Rf3 Bc8 31. g3 Bd7 32. gxf4 Qh5 33. Rg3 Rh8 34. Rxg6+ Kf8 35. Rf6+ Ke7 36. Rf7+ Kd8 37. Nb7+ Kc7 0-1

[Event "Hamburg-ch A-Klasse"]
[Site "Hamburg"]
[Date "2013.05.22"]
[Round "5"]
[White "Chaichi Tehrani, Fereydoon"]
[Black "Hauser, Christow"]
[Result "0-1"]
[WhiteElo "1350"]
[BlackElo "1692"]
[PlyCount "66"]
[EventDate "2013.05.18"]
[EventType "swiss"]
[EventRounds "9"]
[EventCountry "GER"]
[SourceTitle "EXT 2022"]
[Source "ChessBase"]
[SourceDate "2021.10.06"]
[SourceVersion "1"]
[SourceVersionDate "2021.10.06"]
[SourceQuality "1"]

1. e4 c5 2. Nf3 Nc6 3. c3 a6 4. d4 cxd4 5. cxd4 d5 6. e5 Bg4 7. Be2 e6 8. Nc3 Bb4 9. h3 Bf5 10. Bd3 Nge7 11. Bxf5 Nxf5 12. Bg5 Qb6 13. Be3 0-0 14. 0-0 Na5 15. g4 Nxe3 16. fxe3 Bxc3 17. bxc3 Nc4 18. Qd3 Qd8 19. e4 b5 20. exd5 Qxd5 21. Nd2 Nxe5 22. Qe3 Ng6 23. Ne4 f5 24. gxf5 exf5 25. Ng5 Rae8 26. Qg3 f4 27. Qg4 Re3 28. Qh5 Rg3+ 29. Kf2 Qg2+ 30. Ke1 Re8+ 31. Kd1 Rd3+ 32. Kc1 Rxc3+ 33. Kd1 Qc2# 0-1

[Event "Hamburg-ch A-Klasse"]
[Site "Hamburg"]
[Date "2013.05.19"]
[Round "3"]
[White "Hauser, Christow"]
[Black "Kibilka, Ulrich"]
[Result "1/2-1/2"]
[WhiteElo "1692"]
[BlackElo "1487"]
[PlyCount "40"]
[EventDate "2013.05.18"]
[EventType "swiss"]
[EventRounds "9"]
[EventCountry "GER"]
[SourceTitle "EXT 2022"]
[Source "ChessBase"]
[SourceDate "2021.10.06"]
[SourceVersion "1"]
[SourceVersionDate "2021.10.06"]
[SourceQuality "1"]

1. Nf3 Nf6 2. c4 e6 3. a3 d5 4. e3 c6 5. d4 Nbd7 6. Nc3 Bd6 7. cxd5 exd5 8. Bd3 0-0 9. 0-0 Re8 10. Qc2 h6 11. e4 dxe4 12. Nxe4 Nxe4 13. Bxe4 Nf6 14. Bd3 Qc7 15. h3 Be6 16. Bc4 Bxc4 17. Qxc4 Re6 18. Ne5 Bxe5 19. dxe5 Qxe5 20. Be3 Qe4 1/2-1/2

[Event "Hamburg-chA"]
[Site "Hamburg"]
[Date "2012.05.29"]
[Round "4"]
[White "Kazemi Sresht, Rahim"]
[Black "Hauser, Christow"]
[Result "1/2-1/2"]
[WhiteElo "1501"]
[BlackElo "1685"]
[PlyCount "158"]
[EventDate "2012.05.26"]
[EventType "swiss"]
[EventRounds "9"]
[EventCountry "GER"]
[SourceTitle "CBM 148 Extra"]
[Source "ChessBase"]
[SourceDate "2012.06.22"]
[SourceVersion "1"]
[SourceVersionDate "2012.06.22"]
[SourceQuality "1"]

1. e4 c5 2. Nf3 e6 3. d4 cxd4 4. Nxd4 a6 5. Be2 Nc6 6. 0-0 Bc5 7. Nxc6 bxc6 8. Nc3 Bb7 9. Qd3 Ne7 10. Rd1 d5 11. Qg3 Ng6 12. exd5 exd5 13. Ne4 Be7 14. Be3 0-0 15. Bc5 Re8 16. Bxe7 Qxe7 17. Nc3 Rad8 18. Re1 d4 19. Na4 Rd5 20. f4 Qe3+ 21. Qxe3 Rxe3 22. g3 c5 23. Nb6 Rd8 24. Bh5 Ne7 25. Rad1 Nf5 26. Nc4 Rxe1+ 27. Rxe1 g6 28. Bg4 Bd5 29. Bxf5 Bxc4 30. Bd3 Bxd3 31. cxd3 Rb8 32. b3 Kf8 33. Kf2 a5 34. Rc1 Rc8 35. Rc4 Ke7 36. Kf3 h5 37. Ke4 Kd6 38. Ra4 Re8+ 39. Kf3 Re3+ 40. Kf2 Rxd3 41. Ke2 Rc3 42. Rxa5 Kd5 43. b4 Ke4 44. Rxc5 Re3+ 45. Kd2 Ra3 46. Ra5 Rd3+ 47. Kc2 f6 48. b5 Rf3 49. Ra4 Rf2+ 50. Kb3 Ke3 51. b6 Rf1 52. Ra6 d3 53. b7 Rb1+ 54. Kc3 Rxb7 55. Re6+ Kf2 56. Kxd3 Kg2 57. Rxf6 Rg7 58. f5 gxf5 59. Rxf5 Rh7 60. a4 Kxh2 61. Rg5 Kg2 62. Kc4 Kf3 63. a5 Rb7 64. a6 Rb1 65. a7 Ra1 66. Rg7 Ke4 67. Kc5 Ke5 68. Kb6 Kd6 69. Rh7 Rb1+ 70. Ka6 Ra1+ 71. Kb7 Rb1+ 72. Ka8 Rg1 73. Rxh5 Rxg3 74. Rb5 Kc6 75. Rb2 Rg7 76. Rb8 Rd7 77. Re8 Kc7 78. Rg8 Re7 79. Rb8 Kc6 1/2-1/2

[Event "Hamburg-chA"]
[Site "Hamburg"]
[Date "2012.05.28"]
[Round "3"]
[White "Hauser, Christow"]
[Black "Kibilka, Ulrich"]
[Result "1/2-1/2"]
[WhiteElo "1685"]
[BlackElo "1545"]
[PlyCount "55"]
[EventDate "2012.05.26"]
[EventType "swiss"]
[EventRounds "9"]
[EventCountry "GER"]
[SourceTitle "CBM 148 Extra"]
[Source "ChessBase"]
[SourceDate "2012.06.22"]
[SourceVersion "1"]
[SourceVersionDate "2012.06.22"]
[SourceQuality "1"]

1. Nf3 d5 2. e3 e6 3. c4 Nf6 4. a3 Nbd7 5. d4 b6 6. b4 c5 7. Qc2 Bb7 8. b5 Bd6 9. Nbd2 0-0 10. Be2 Re8 11. 0-0 Qc7 12. h3 h6 13. Bb2 e5 14. dxc5 Nxc5 15. Rac1 Ncd7 16. Qd1 Qd8 17. Nb1 Qe7 18. Nh4 g6 19. Bg4 Nxg4 20. Qxg4 Nf6 21. Qd1 Rac8 22. Nf3 Rxc4 23. Nc3 Rec8 24. Nd2 R4c7 25. Nf3 Bxa3 26. Qb3 Bxb2 27. Qxb2 Ne4 28. Nxe4 1/2-1/2

[Event "Hamburg-chB"]
[Site "Hamburg"]
[Date "2010.05.26"]
[Round "5.1"]
[White "Hauser, Christow"]
[Black "Olschok, Juergen"]
[Result "0-1"]
[WhiteElo "1573"]
[BlackElo "1582"]
[PlyCount "88"]
[EventDate "2010.05.22"]
[EventType "swiss"]
[EventRounds "9"]
[EventCountry "GER"]
[SourceTitle "EXT 2011"]
[Source "ChessBase"]
[SourceDate "2010.11.26"]
[SourceVersion "1"]
[SourceVersionDate "2010.11.26"]
[SourceQuality "1"]

1. Nf3 g6 2. e4 Bg7 3. d4 d6 4. h3 Nf6 5. Bd3 Nbd7 6. c4 0-0 7. Nc3 c6 8. 0-0 Qc7 9. Be3 e5 10. d5 Ne8 11. Qd2 a6 12. Rac1 c5 13. a3 f6 14. b4 Rf7 15. bxc5 Nxc5 16. Bxc5 dxc5 17. Bc2 Nd6 18. Bd3 Bd7 19. Rb1 h6 20. Qb2 b5 21. Nd2 Rb8 22. cxb5 axb5 23. Bxb5 Bxb5 24. Nxb5 Rxb5 25. Qxb5 Nxb5 26. Rxb5 c4 27. Rc1 c3 28. Nb3 Bf8 29. a4 Ba3 30. Ra1 c2 31. Re1 c1Q 32. Nxc1 Bxc1 33. d6 Qc3 34. Rd1 Rd7 35. Rb8+ Kf7 36. Rh8 Kg7 37. Re8 Ba3 38. a5 Qxa5 39. Ra1 Qc5 40. Rb1 Bb4 41. Ra1 Ba5 42. Ra8 Bb6 43. h4 Qxf2+ 44. Kh1 Qxh4# 0-1

[Event "Hamburger Liga Aufstieg"]
[Site "Hamburg"]
[Date "2009.08.09"]
[Round "2.18"]
[White "Hauser, Christow"]
[Black "Ristic, Sreten"]
[Result "0-1"]
[WhiteElo "1634"]
[BlackElo "1910"]
[PlyCount "110"]
[EventDate "2009.08.08"]
[EventType "swiss"]
[EventRounds "6"]
[EventCountry "GER"]
[SourceTitle "EXT 2022"]
[Source "ChessBase"]
[SourceDate "2021.10.06"]
[SourceVersion "1"]
[SourceVersionDate "2021.10.06"]
[SourceQuality "1"]

1. Nf3 Nf6 2. b3 d5 3. Bb2 Qd7 4. e3 a6 5. c4 c6 6. Nc3 e6 7. Na4 Qd8 8. a3 dxc4 9. bxc4 Nbd7 10. Rb1 b5 11. Nc3 Qa5 12. Ra1 Be7 13. Nd4 Bb7 14. Be2 0-0 15. 0-0 Qb6 16. Qc2 c5 17. Nf3 bxc4 18. Na4 Qc7 19. Qxc4 Rfd8 20. h3 Bc6 21. Qc2 e5 22. Bc3 e4 23. Nh4 g6 24. g3 Bb5 25. Bxb5 axb5 26. Nb2 Ne5 27. Bxe5 Qxe5 28. a4 b4 29. Nc4 Qe6 30. Kh2 Nd5 31. Ng2 Bf6 32. Rab1 Rd7 33. a5 Rad8 34. f3 exf3 35. Rxf3 Be5 36. Rbf1 Bb8 37. e4 Nc3 38. d3 Nb5 39. Nb6 Nd4 40. Qd1 Nxf3+ 41. Rxf3 Rd4 42. Nd5 Be5 43. Nge3 Ra8 44. Ng4 Rxd5 45. exd5 Qxd5 46. Qe2 Bd4 47. Rf6 Rxa5 48. Nh6+ Kg7 49. Rxf7+ Kxh6 50. Qd2+ g5 51. h4 Ra2 52. hxg5+ Kg6 53. Kh3 Rxd2 54. Rf4 Qh1+ 55. Kg4 Qh5# 0-1

[Event "Hamburger Liga Aufstieg"]
[Site "Hamburg"]
[Date "2009.08.08"]
[Round "1.19"]
[White "Hagenlueke, Thomas"]
[Black "Hauser, Christow"]
[Result "1-0"]
[WhiteElo "1942"]
[BlackElo "1634"]
[PlyCount "131"]
[EventDate "2009.08.08"]
[EventType "swiss"]
[EventRounds "6"]
[EventCountry "GER"]
[SourceTitle "EXT 2022"]
[Source "ChessBase"]
[SourceDate "2021.10.06"]
[SourceVersion "1"]
[SourceVersionDate "2021.10.06"]
[SourceQuality "1"]

1. e4 b6 2. d4 e6 3. Bd3 Bb7 4. Nf3 d6 5. Qe2 a6 6. c3 Nd7 7. Na3 Be7 8. Nc4 Qb8 9. 0-0 h6 10. Ne1 Ngf6 11. f4 0-0 12. e5 Ne8 13. f5 dxe5 14. fxe6 fxe6 15. Rxf8+ Bxf8 16. Nxe5 Nxe5 17. Qxe5 Qc8 18. Bc4 Kf7 19. Qh5+ g6 20. Qh3 Bd5 21. Bd3 e5 22. Qxc8 Rxc8 23. dxe5 g5 24. Bxa6 Ra8 25. Be2 Rxa2 26. Rxa2 Bxa2 27. Nf3 Bd5 28. Nd4 Ng7 29. Bg4 Ke7 30. Be3 Kd8 31. b4 c5 32. bxc5 Bxc5 33. Nc2 Bxe3+ 34. Nxe3 Be4 35. Kf2 b5 36. Bf3 Bd3 37. Bd5 Nh5 38. g3 Ng7 39. Ng4 h5 40. Nf6 Bf5 41. Be4 Be6 42. Bc6 Bc4 43. Ne4 Ne6 44. Nd6 Nc5 45. Ke3 h4 46. Bxb5 Be6 47. Bc4 hxg3 48. hxg3 Ke7 49. Kd4 Nd7 50. Bb5 Nf8 51. c4 g4 52. c5 Nh7 53. Ne4 Bc8 54. c6 Nf8 55. Nd6 Ne6+ 56. Kd5 Nc7+ 57. Kc5 Be6 58. Bc4 Bxc4 59. Nxc4 Kd8 60. Ne3 Ne6+ 61. Kd6 Ng5 62. c7+ Kc8 63. e6 Ne4+ 64. Kc6 Nf6 65. e7 Ne8 66. Nd5 1-0

[Event "Hamburg Robinow op"]
[Site "Hamburg"]
[Date "2005.10.06"]
[Round "6"]
[White "Hauser, Christow"]
[Black "Titgemeyer, Sven"]
[Result "1/2-1/2"]
[WhiteElo "1613"]
[BlackElo "1395"]
[PlyCount "96"]
[EventDate "2005.10.01"]
[EventType "swiss"]
[EventRounds "9"]
[EventCountry "GER"]
[SourceTitle "CBM 108 Extra"]
[Source "ChessBase"]
[SourceDate "2005.11.04"]
[SourceVersion "1"]
[SourceVersionDate "2005.11.04"]
[SourceQuality "1"]

1. Nf3 d5 2. b4 Nf6 3. Bb2 e6 4. a3 Bd6 5. e3 0-0 6. c4 c5 7. b5 Nbd7 8. Qc2 b6 9. d3 Bb7 10. Nbd2 Qc7 11. h3 Ne5 12. Nxe5 Bxe5 13. Nf3 Bxb2 14. Qxb2 dxc4 15. dxc4 Bxf3 16. gxf3 Rad8 17. Rg1 Qd6 18. Be2 e5 19. Rd1 Qe6 20. a4 Rxd1+ 21. Kxd1 Qxh3 22. Qxe5 Qd7+ 23. Kc1 Rd8 24. Rg3 Qd6 25. Qc3 Ne8 26. f4 Qf6 27. Qe5 Qxe5 28. fxe5 Nc7 29. f4 Kf8 30. Rh3 h6 31. Bf1 Ne6 32. Kc2 a6 33. Bg2 axb5 34. axb5 Rd7 35. Bd5 Nc7 36. e4 Ne6 37. Bxe6 fxe6 38. Rd3 Rxd3 39. Kxd3 Kf7 40. Ke3 g5 41. f5 h5 42. f6 Kg6 43. Kf3 g4+ 44. Kg3 Kf7 45. Kh4 Kf8 46. Kg3 Kf7 47. Kh4 Kf8 48. Kg3 Kf7 1/2-1/2

[Event "Hamburg League qual"]
[Site "Hamburg"]
[Date "2005.08.14"]
[Round "1"]
[White "Schaefer, Jakob"]
[Black "Hauser, Christow"]
[Result "1-0"]
[WhiteElo "2033"]
[BlackElo "1592"]
[PlyCount "81"]
[EventDate "2005.08.14"]
[EventType "swiss"]
[EventRounds "7"]
[EventCountry "GER"]
[SourceTitle "EXT 2006"]
[Source "ChessBase"]
[SourceDate "2005.11.24"]
[SourceVersion "1"]
[SourceVersionDate "2005.11.24"]
[SourceQuality "1"]

1. e4 b6 2. d4 Bb7 3. Bd3 e6 4. Nf3 a6 5. 0-0 c5 6. c3 d6 7. Qe2 Nd7 8. Bf4 Be7 9. Na3 b5 10. Rad1 c4 11. Bb1 Ngf6 12. Bc1 Qc7 13. Nd2 e5 14. f4 g6 15. Nf3 h6 16. Kh1 Nh5 17. fxe5 Bg5 18. exd6 Qxd6 19. Qf2 0-0-0 20. Rfe1 f6 21. Nc2 Bxc1 22. Rxc1 Nf4 23. Ne3 Qb6 24. Rcd1 Rhf8 25. b3 Nd3 26. Bxd3 cxd3 27. Nd5 Bxd5 28. exd5 Ne5 29. Qg3 Nxf3 30. Qxf3 Rfe8 31. Qxd3 f5 32. c4 Qa5 33. Re2 Re4 34. Rxe4 fxe4 35. Qxe4 bxc4 36. bxc4 Qa4 37. Qe6+ Kb8 38. Rb1+ Ka8 39. Qb6 Qd7 40. Qxa6+ Qa7 41. Qc6+ 1-0

[Event "Lucky op 2nd"]
[Site "Hamburg"]
[Date "1999.10.16"]
[Round "2"]
[White "Hauser, Christow"]
[Black "Von Harder, Stephan"]
[Result "1/2-1/2"]
[WhiteElo "1616"]
[BlackElo "1113"]
[PlyCount "71"]
[EventDate "1999.10.??"]
[EventType "swiss"]
[EventRounds "9"]
[EventCountry "GER"]
[SourceTitle "EXT 2001"]
[Source "ChessBase"]
[SourceDate "2000.11.22"]
[SourceVersion "1"]
[SourceVersionDate "2000.11.22"]
[SourceQuality "1"]

1. b3 d5 2. Bb2 Nf6 3. e3 e6 4. Ne2 Bd6 5. Nbc3 a6 6. a3 c5 7. h3 e5 8. Ng3 d4 9. Nce4 Be7 10. Bd3 Nbd7 11. Nf5 b5 12. Qf3 Rb8 13. c4 0-0 14. g4 Bb7 15. g5 Nxe4 16. Bxe4 Bxe4 17. Qxe4 Bxg5 18. Rg1 g6 19. h4 Bf6 20. h5 Kh8 21. hxg6 fxg6 22. Nh6 Bg7 23. Rh1 Nf6 24. Qc2 Qc8 25. Qd1 Bxh6 26. Rxh6 Ng4 27. Rh4 Nxf2 28. Qc2 Qf5 29. Qxf5 Rxf5 30. e4 Rf7 31. Ke2 Rbf8 32. Rf1 h5 33. Rg1 Ng4 34. Rgxg4 Kg7 35. Rg2 Kh6 36. Bc1 1/2-1/2

[Event "Lucky op 2nd"]
[Site "Hamburg"]
[Date "1999.10.15"]
[Round "1"]
[White "Ellermann, Fabian"]
[Black "Hauser, Christow"]
[Result "1/2-1/2"]
[WhiteElo "800"]
[BlackElo "1616"]
[PlyCount "59"]
[EventDate "1999.10.??"]
[EventType "swiss"]
[EventRounds "9"]
[EventCountry "GER"]
[SourceTitle "EXT 2001"]
[Source "ChessBase"]
[SourceDate "2000.11.22"]
[SourceVersion "1"]
[SourceVersionDate "2000.11.22"]
[SourceQuality "1"]

1. d4 b6 2. c4 Bb7 3. Nc3 e6 4. Nf3 Nf6 5. Bg5 Be7 6. e3 d6 7. Bd3 Nbd7 8. e4 0-0 9. 0-0 a6 10. a4 d5 11. e5 Ne4 12. Bxe7 Qxe7 13. Bxe4 dxe4 14. Nd2 f5 15. exf6 Nxf6 16. Qe2 Qf7 17. Ncxe4 Qg6 18. Ng3 Rae8 19. a5 h5 20. Nf3 Ne4 21. Ra3 Qg4 22. Nxe4 Bxe4 23. Re3 Bxf3 24. Rxf3 Rxf3 25. Qxf3 Qxf3 26. gxf3 Rd8 27. axb6 cxb6 28. Rd1 e5 29. d5 Kf7 30. b4 1/2-1/2